[Event "George Trundle NZ Masters 2017"]
[Site "Auckland, NZL"]
[Date "2017.10.05"]
[Round "6.1"]
[White "Chan, Peng Kong"]
[Black "Johansen, Darryl K"]
[Result "1/2-1/2"]
[BlackElo "2380"]
[WhiteElo "2170"]
[LiveChessVersion "1.4.8"]

1. d4 {[%clk 1:30:56]} Nf6 {[%clk 1:30:49]} 2. c4 {[%clk 1:31:19]} e6
{[%clk 1:30:48]} 3. Nf3 {[%clk 1:30:49]} Bb4+ {[%clk 1:31:01]} 4. Nc3
{[%clk 1:30:49]} c5 {[%clk 1:27:50]} 5. e3 {[%clk 1:27:57]} b6 {[%clk 1:21:12]}
6. Bd3 {[%clk 1:27:57]} Bb7 {[%clk 1:21:37]} 7. O-O {[%clk 1:27:24]} O-O
{[%clk 1:20:03]} 8. a3 {[%clk 1:18:18]} Bxc3 {[%clk 1:19:35]} 9. bxc3
{[%clk 1:18:46]} Ne4 {[%clk 1:08:29]} 10. Qc2 {[%clk 1:17:41]} f5
{[%clk 1:08:50]} 1/2-1/2

[Event "George Trundle NZ Masters 2017"]
[Site "Auckland, NZL"]
[Date "2017.10.05"]
[Round "6.2"]
[White "Hague, Ben"]
[Black "Croad, Nicholas"]
[Result "1-0"]
[BlackElo "2247"]
[WhiteElo "2365"]
[LiveChessVersion "1.4.8"]

1. e4 {[%clk 1:30:58]} c5 {[%clk 1:30:55]} 2. Nf3 {[%clk 1:31:25]} d6
{[%clk 1:31:21]} 3. d4 {[%clk 1:31:52]} cxd4 {[%clk 1:31:48]} 4. Nxd4
{[%clk 1:32:18]} Nf6 {[%clk 1:32:14]} 5. Nc3 {[%clk 1:32:42]} Nc6
{[%clk 1:32:41]} 6. Bg5 {[%clk 1:33:07]} e6 {[%clk 1:33:06]} 7. Qd2
{[%clk 1:33:29]} a6 {[%clk 1:33:29]} 8. O-O-O {[%clk 1:33:50]} Bd7
{[%clk 1:33:55]} 9. f4 {[%clk 1:32:42]} b5 {[%clk 1:34:19]} 10. Bxf6
{[%clk 1:32:42]} gxf6 {[%clk 1:34:44]} 11. Kb1 {[%clk 1:32:36]} b4
{[%clk 1:34:59]} 12. Nce2 {[%clk 1:32:28]} Qb6 {[%clk 1:35:23]} 13. Nxc6
{[%clk 1:32:21]} Bxc6 {[%clk 1:35:47]} 14. f5 {[%clk 1:31:41]} e5
{[%clk 1:36:07]} 15. Ng3 {[%clk 1:30:47]} Qc5 {[%clk 1:36:29]} 16. Bd3
{[%clk 1:30:55]} Rg8 {[%clk 1:36:29]} 17. Nh5 {[%clk 1:30:22]} Ke7
{[%clk 1:36:47]} 18. Rhg1 {[%clk 1:28:38]} Rg5 {[%clk 1:36:51]} 19. Qe2
{[%clk 1:27:54]} Bh6 {[%clk 1:36:43]} 20. h4 {[%clk 1:27:22]} Rgg8
{[%clk 1:36:53]} 21. g4 {[%clk 1:27:26]} Be3 {[%clk 1:37:14]} 22. Rg3
{[%clk 1:23:55]} Bf2 {[%clk 1:37:17]} 23. Rh3 {[%clk 1:22:40]} Bd4
{[%clk 1:33:35]} 24. Qd2 {[%clk 1:09:46]} d5 {[%clk 1:33:37]} 25. Qh6
{[%clk 1:07:25]} Qd6 {[%clk 1:33:54]} 26. g5 {[%clk 1:05:18]} fxg5
{[%clk 1:29:00]} 27. f6+ {[%clk 1:02:23]} Kd8 {[%clk 1:27:43]} 28. Qxh7
{[%clk 1:00:46]} Kc7 {[%clk 1:27:46]} 29. hxg5 {[%clk 0:57:18]} Rxg5
{[%clk 1:14:54]} 30. Qxf7+ {[%clk 0:54:23]} Qd7 {[%clk 1:15:16]} 31. Qxd7+
{[%clk 0:51:13]} Bxd7 {[%clk 1:15:12]} 32. Rhh1 {[%clk 0:51:19]} Rh8
{[%clk 0:43:57]} 33. f7 {[%clk 0:43:52]} dxe4 {[%clk 0:21:16]} 34. Bxe4
{[%clk 0:35:48]} Rf8 {[%clk 0:20:33]} 35. Nf6 {[%clk 0:30:43]} Rxf7
{[%clk 0:15:47]} 36. Nd5+ {[%clk 0:30:56]} Kb8 {[%clk 0:15:30]} 37. Nxb4
{[%clk 0:30:00]} a5 {[%clk 0:15:37]} 38. Rh8+ {[%clk 0:29:28]} Kc7
{[%clk 0:14:09]} 39. Nd3 {[%clk 0:19:06]} Bb5 {[%clk 0:11:45]} 40. c3
{[%clk 0:47:26]} Bxd3+ {[%clk 0:35:27]} 41. Rxd3 {[%clk 0:46:18]} Bb6
{[%clk 0:33:46]} 42. Rh6 {[%clk 0:42:59]} Bg1 {[%clk 0:17:05]} 43. Rc6+
{[%clk 0:42:23]} Kb8 {[%clk 0:17:17]} 44. Rd8+ {[%clk 0:42:23]} Ka7
{[%clk 0:17:10]} 45. Re6 {[%clk 0:41:56]} Rb7 {[%clk 0:15:22]} 46. Bxb7
{[%clk 0:41:49]} Kxb7 {[%clk 0:15:49]} 47. Rd5 {[%clk 0:41:36]} 1-0

[Event "George Trundle NZ Masters 2017"]
[Site "Auckland, NZL"]
[Date "2017.10.05"]
[Round "6.3"]
[White "Gong, Daniel Hanwen"]
[Black "Van Riemsdijk, Herman C."]
[Result "1-0"]
[BlackElo "2306"]
[WhiteElo "2252"]
[LiveChessVersion "1.4.8"]

1. e4 {[%clk 1:30:57]} e5 {[%clk 1:30:38]} 2. Nf3 {[%clk 1:31:19]} Nc6
{[%clk 1:31:03]} 3. Bc4 {[%clk 1:31:17]} Nf6 {[%clk 1:31:24]} 4. Ng5
{[%clk 1:31:32]} d5 {[%clk 1:31:03]} 5. exd5 {[%clk 1:31:52]} Na5
{[%clk 1:31:24]} 6. d3 {[%clk 1:31:32]} h6 {[%clk 1:30:58]} 7. Nf3
{[%clk 1:31:23]} e4 {[%clk 1:26:52]} 8. Qe2 {[%clk 1:31:25]} Nxc4
{[%clk 1:26:54]} 9. dxc4 {[%clk 1:31:50]} Bc5 {[%clk 1:26:12]} 10. Nfd2
{[%clk 1:31:40]} O-O {[%clk 1:25:57]} 11. Nb3 {[%clk 1:31:22]} Bg4
{[%clk 1:26:08]} 12. Qf1 {[%clk 1:31:15]} Bb4+ {[%clk 1:19:18]} 13. c3
{[%clk 1:31:03]} Be7 {[%clk 1:19:40]} 14. h3 {[%clk 1:29:52]} Bd7
{[%clk 1:18:30]} 15. Be3 {[%clk 1:29:14]} c6 {[%clk 1:15:50]} 16. dxc6
{[%clk 1:25:35]} bxc6 {[%clk 1:12:27]} 17. N1d2 {[%clk 1:23:40]} a5
{[%clk 1:11:01]} 18. Nc5 {[%clk 1:13:36]} a4 {[%clk 1:09:08]} 19. Rd1
{[%clk 1:07:16]} Qa5 {[%clk 1:04:56]} 20. Ncxe4 {[%clk 0:58:58]} Nxe4
{[%clk 1:03:49]} 21. Nxe4 {[%clk 0:59:25]} Rad8 {[%clk 1:03:54]} 22. c5
{[%clk 0:20:31]} Be6 {[%clk 1:03:50]} 23. Nd6 {[%clk 0:20:30]} Bxa2
{[%clk 1:03:25]} 24. Qe2 {[%clk 0:20:05]} Bb3 {[%clk 1:02:12]} 25. Rd2
{[%clk 0:16:11]} a3 {[%clk 1:01:22]} 26. bxa3 {[%clk 0:15:11]} Bxd6
{[%clk 0:59:28]} 27. cxd6 {[%clk 0:15:35]} Qxc3 {[%clk 0:59:46]} 28. O-O
{[%clk 0:15:46]} Bc4 {[%clk 0:59:58]} 29. Qg4 {[%clk 0:14:35]} Bxf1
{[%clk 0:59:35]} 30. Bd4 {[%clk 0:14:49]} Qxd4 {[%clk 0:57:25]} 31. Qxd4
{[%clk 0:14:31]} Bb5 {[%clk 0:57:43]} 32. a4 {[%clk 0:14:42]} c5 {[%clk 0:58:03]}
33. Qf4 {[%clk 0:11:28]} Bd7 {[%clk 0:58:12]} 34. Qc4 {[%clk 0:11:40]} Ra8
{[%clk 0:56:02]} 35. Qxc5 {[%clk 0:11:57]} Bxa4 {[%clk 0:55:37]} 36. Re2
{[%clk 0:11:39]} Rfe8 {[%clk 0:54:58]} 37. Rxe8+ {[%clk 0:11:12]} Rxe8
{[%clk 0:53:56]} 38. Qc7 {[%clk 0:11:33]} Re1+ {[%clk 0:54:02]} 39. Kh2
{[%clk 0:12:00]} Rd1 {[%clk 0:54:16]} 40. Qc8+ {[%clk 0:42:26]} Kh7
{[%clk 1:24:27]} 41. Qf5+ {[%clk 0:42:53]} Kg8 {[%clk 1:24:44]} 42. Qg4
{[%clk 0:43:14]} Rxd6 {[%clk 1:24:57]} 43. Qxa4 {[%clk 0:43:40]} Rf6
{[%clk 1:24:41]} 44. Qe8+ {[%clk 0:43:42]} Kh7 {[%clk 1:24:59]} 45. Qe4+
{[%clk 0:44:05]} Kg8 {[%clk 1:25:00]} 46. f4 {[%clk 0:43:52]} g5 {[%clk 1:22:38]}
47. f5 {[%clk 0:43:47]} Ra6 {[%clk 1:22:11]} 48. Qe8+ {[%clk 0:44:05]} Kg7
{[%clk 1:22:25]} 49. Qe5+ {[%clk 0:44:30]} Kg8 {[%clk 1:22:35]} 50. f6
{[%clk 0:43:13]} Re6 {[%clk 1:22:47]} 51. Qf5 {[%clk 0:43:37]} Rb6
{[%clk 1:22:53]} 52. h4 {[%clk 0:42:21]} 1-0

[Event "George Trundle NZ Masters 2017"]
[Site "Auckland, NZL"]
[Date "2017.10.05"]
[Round "6.4"]
[White "Smith, Robert W"]
[Black "Reilly, Tim"]
[Result "1/2-1/2"]
[BlackElo "2153"]
[WhiteElo "2230"]
[LiveChessVersion "1.4.8"]

1. e4 {[%clk 1:30:58]} d6 {[%clk 1:30:47]} 2. d4 {[%clk 1:31:24]} g6
{[%clk 1:30:55]} 3. Nc3 {[%clk 1:30:49]} Bg7 {[%clk 1:31:18]} 4. Be3
{[%clk 1:30:21]} a6 {[%clk 1:31:38]} 5. a4 {[%clk 1:30:05]} Nf6 {[%clk 1:31:34]}
6. h3 {[%clk 1:30:21]} O-O {[%clk 1:31:36]} 7. Nf3 {[%clk 1:30:47]} e6
{[%clk 1:21:08]} 8. Qd2 {[%clk 1:26:15]} b6 {[%clk 1:20:26]} 9. Bh6
{[%clk 1:25:37]} Bb7 {[%clk 1:20:22]} 10. Bd3 {[%clk 1:26:02]} Nbd7
{[%clk 1:09:52]} 11. O-O {[%clk 1:25:05]} e5 {[%clk 1:08:14]} 12. dxe5
{[%clk 1:17:16]} dxe5 {[%clk 1:08:10]} 13. Rad1 {[%clk 1:15:09]} Qe7
{[%clk 1:04:14]} 14. Qg5 {[%clk 1:12:15]} Rfe8 {[%clk 0:56:10]} 15. Bxg7
{[%clk 1:12:01]} Kxg7 {[%clk 0:56:34]} 16. Rfe1 {[%clk 0:58:17]} h6
{[%clk 0:54:38]} 17. Qc1 {[%clk 0:57:12]} Rad8 {[%clk 0:49:20]} 18. Qa1
{[%clk 0:37:06]} Nc5 {[%clk 0:43:53]} 19. b3 {[%clk 0:28:23]} c6 {[%clk 0:38:04]}
20. Bf1 {[%clk 0:26:41]} Rxd1 {[%clk 0:30:56]} 21. Qxd1 {[%clk 0:26:11]} Rd8
{[%clk 0:31:12]} 22. Qa1 {[%clk 0:24:13]} 1/2-1/2

[Event "George Trundle NZ Masters 2017"]
[Site "Auckland, NZL"]
[Date "2017.10.05"]
[Round "6.5"]
[White "Ang, Alphaeus Wei Ern"]
[Black "Lukey, Stephen G"]
[Result "1-0"]
[BlackElo "2188"]
[WhiteElo "2228"]
[LiveChessVersion "1.4.8"]

1. d4 {[%clk 1:30:57]} d5 {[%clk 1:30:56]} 2. c4 {[%clk 1:31:22]} e6
{[%clk 1:31:24]} 3. Nc3 {[%clk 1:31:41]} c5 {[%clk 1:31:51]} 4. cxd5
{[%clk 1:31:47]} exd5 {[%clk 1:32:16]} 5. Nf3 {[%clk 1:31:43]} Nc6
{[%clk 1:32:36]} 6. Bf4 {[%clk 1:31:04]} Nf6 {[%clk 1:32:56]} 7. e3
{[%clk 1:30:54]} c4 {[%clk 1:33:23]} 8. Be2 {[%clk 1:30:16]} Bb4 {[%clk 1:33:49]}
9. O-O {[%clk 1:29:35]} O-O {[%clk 1:34:15]} 10. Ne5 {[%clk 1:26:20]} Bf5
{[%clk 1:34:18]} 11. g4 {[%clk 1:19:47]} Be6 {[%clk 1:34:37]} 12. Bf3
{[%clk 1:16:23]} Qa5 {[%clk 1:29:32]} 13. g5 {[%clk 1:11:10]} Bxc3
{[%clk 1:29:25]} 14. bxc3 {[%clk 0:56:07]} Ne4 {[%clk 1:29:07]} 15. Nxc4
{[%clk 0:52:22]} Qxc3 {[%clk 1:25:21]} 16. Rc1 {[%clk 0:44:24]} Qb4
{[%clk 1:25:20]} 17. Bxe4 {[%clk 0:44:36]} dxe4 {[%clk 1:25:18]} 18. Bd6
{[%clk 0:44:23]} Qb5 {[%clk 1:25:19]} 19. d5 {[%clk 0:44:39]} Qxd5
{[%clk 0:56:26]} 20. Qxd5 {[%clk 0:44:05]} Bxd5 {[%clk 0:56:48]} 21. Bxf8
{[%clk 0:44:31]} Kxf8 {[%clk 0:55:35]} 22. Rfd1 {[%clk 0:43:23]} Rd8
{[%clk 0:54:25]} 23. Na5 {[%clk 0:34:35]} Nxa5 {[%clk 0:26:52]} 24. Rc5
{[%clk 0:34:55]} Nc6 {[%clk 0:27:16]} 25. Rcxd5 {[%clk 0:34:54]} Rxd5
{[%clk 0:27:40]} 26. Rxd5 {[%clk 0:35:21]} Ke7 {[%clk 0:28:04]} 27. Kg2
{[%clk 0:34:29]} Ke6 {[%clk 0:23:28]} 28. Rb5 {[%clk 0:34:19]} b6
{[%clk 0:22:14]} 29. Kg3 {[%clk 0:34:11]} Ne7 {[%clk 0:21:58]} 30. Rb4
{[%clk 0:26:44]} Ke5 {[%clk 0:16:48]} 31. Rc4 {[%clk 0:26:20]} Nd5
{[%clk 0:14:22]} 32. Rc8 {[%clk 0:24:33]} a5 {[%clk 0:13:57]} 33. Rh8
{[%clk 0:22:55]} b5 {[%clk 0:01:45]} 34. Rxh7 {[%clk 0:21:55]} b4
{[%clk 0:01:57]} 35. Rxg7 {[%clk 0:20:06]} Ke6 {[%clk 0:01:48]} 36. Rg8
{[%clk 0:17:39]} Nc3 {[%clk 0:02:14]} 37. Ra8 {[%clk 0:15:57]} a4
{[%clk 0:02:40]} 38. Kf4 {[%clk 0:08:44]} a3 {[%clk 0:02:42]} 39. h4
{[%clk 0:07:36]} Nxa2 {[%clk 0:03:07]} 40. h5 {[%clk 0:37:17]} Nc3
{[%clk 0:31:03]} 41. h6 {[%clk 0:36:53]} f5 {[%clk 0:15:51]} 42. Ra6+
{[%clk 0:35:56]} Kf7 {[%clk 0:16:05]} 43. g6+ {[%clk 0:36:14]} 1-0